Fiume per città europea - Statistics

Statistiche generali
  • Questo quiz è stato fatto 84 volte
  • Il punteggio medio è 7 su 20
Statistiche sulle risposte
CITTÀ FIUME % Corretto
PARIGI Senna
98%
LONDRA Tamigi
97%
BUDAPEST Danubio
62%
BELGRADO Danubio
56%
LIONE Rodano
46%
LISBONA Tago
39%
STRASBURGO Reno
34%
PRAGA Moldava
28%
ROSTOV Don
26%
TOGLIATTI Volga
26%
BERNA Aar
25%
KIEV Nipro
25%
OPORTO Duero
23%
CRACOVIA Vistola
23%
AMSTERDAM Amstel
20%
L'AQUILA Aterno-Pescara
20%
CORDOVA Guadalquivir
16%
BRESLAVIA Oder
15%
BERLINO Sprea
15%
ZAGABRIA Sava
13%
Nessun quiz corrispondente trovato
Distribuzione punteggi
Percentuale di utenti per punteggio
Percentile per numero di risposta
I tuoi punteggi nel tempo
Non hai fatto questo quiz